000 00380nam a2200145Ia 4500
008 230917s9999||||xx |||||||||||||| ||und||
040 _e81328
_aMAIN
041 _aEnglish
082 _a342.7 B986M
100 _aBaxi, Upendraa
245 0 _aMambrino's helmet: Human rights for a changing world
260 _aNew Delhi
_bHar-Anand
_c1994
300 _axix, 226 p.
942 _cBK
999 _c101106
_d101106